Scientific computing with MATLAB /

Salvato in:
Dettagli Bibliografici
Autore principale: Quarteroni, Alfio
Altri autori: Saleri, Fausto
Natura: Libro
Lingua:inglese
italiano
Pubblicazione: Berlin ; New York Springer c2003.
Serie:Texts in computational science and engineering, 2
Soggetti:
Accesso online:Visualizza in OPAC
Tags: Aggiungi Tag
Nessun Tag, puoi essere il primo ad aggiungerne!!

MARC

LEADER 00000cam a22000004a 4500
005 20260127134146.0
008 030529s2003 gw a b 001 0 eng
010 |a 2003-054782 
020 |a 3540443630 (hard cover : alk. paper) 
035 |a vtls008420358 
035 |a 13216687 
039 9 |y 200512221255  |z mschk03 
040 |a STUSCHK1  |b slo  |c STUSCHK1 
041 1 |a eng  |h ita 
042 |a pcc 
082 0 0 |a 502/.85/53  |2 21 
100 1 |a Quarteroni, Alfio. 
240 1 0 |a Introduzione al calcolo scientifico.  |l English 
245 1 0 |a Scientific computing with MATLAB /  |c Alfio Quarteroni, Fausto Saleri. 
260 |a Berlin ;  |a New York  |b Springer  |c c2003. 
300 |a ix, 257 p.  |b ill.  |c 24 cm. 
440 0 |a Texts in computational science and engineering,  |x 1611-0994 ;  |v 2 
504 |a Includes bibliographical references (p. [245]-248) and index. 
630 0 0 |a MATLAB. 
650 0 |a Science  |x Data processing. 
700 1 |a Saleri, Fausto. 
906 |a 7  |b cbc  |c orignew  |d 1  |e ocip  |f 20  |g y-gencatlg 
910 |a SCHK95 
919 |a 3-540-44363-0 
925 0 |a acquire  |b 1 shelf copy  |x policy default 
955 |e jp14 2003-06-03 to Dewey  |f jf12 2003-10-10 to BCCD  |g jf12 2003-10-10 to BCCD 
999 |c 5465  |d 5465